|
|
|
|
| LEADER |
01927nam a2200361 a 4500 |
| 001 |
00016986 |
| 003 |
BD-DhAAL |
| 008 |
100530r20082006paua b 001 0 eng d |
| 010 |
|
|
|a \\2005051656
|
| 020 |
|
|
|a 1416029745
|
| 020 |
|
|
|a 9788131212783
|
| 040 |
|
|
|a DNLM/DLC
|c DLC
|d DLC
|d BD-DhAAL
|
| 082 |
0 |
0 |
|a 616.079
|2 22
|
| 100 |
1 |
|
|a Abbas, Abul K.
|9 44064
|
| 245 |
1 |
0 |
|a Basic immunology :
|b functions and disorders of the immune system /
|c Abul K. Abbas, Andrew H. Lichtman ; illustrated by David L. Baker and Alexandra Baker.
|
| 250 |
|
|
|a Second edition, updated edition 2006-2007.
|
| 260 |
|
|
|a Philadelphia, PA ;
|a New Delhi :
|b Elsevier Saunders,
|c c2006 [reprinted 2008].
|
| 300 |
|
|
|a ix, 324 p. :
|b col. ill. ;
|c 24 cm
|
| 504 |
|
|
|a Includes bibliographical references (pages 225-229) and index.
|
| 526 |
|
|
|a MNS
|x Iftekhar Mohammad Shafiqul Kalam
Faculty member of Mathematics and Natural Sciences (MNS).
|
| 541 |
1 |
|
|e 00016986, 00016987
|a Paragon Enterprises LTD
|
| 650 |
|
0 |
|a Immunology.
|
| 650 |
|
0 |
|a Immunity.
|9 50030
|
| 650 |
1 |
2 |
|a Immunity.
|9 50030
|
| 650 |
2 |
2 |
|a Hypersensitivity.
|9 57859
|
| 650 |
2 |
2 |
|a Immune System
|x physiology.
|9 50028
|
| 650 |
2 |
2 |
|a Immunologic Deficiency Syndromes.
|9 57860
|
| 700 |
1 |
|
|a Lichtman, Andrew H.
|9 57861
|
| 852 |
4 |
|
|a Ayesha Abed Library
|c General Stacks
|
| 942 |
|
|
|2 ddc
|c BK
|
| 999 |
|
|
|c 8746
|d 8746
|
| 952 |
|
|
|0 0
|1 1
|2 ddc
|4 0
|6 616_079000000000000_ABB
|7 0
|9 10566
|a BRACUL
|b BRACUL
|c GEN
|d 2010-05-30
|e Paragon Enterprises LTD
|g 650.00
|l 0
|o 616.079 ABB
|p 3010016986
|r 2010-05-30
|t 1
|w 2010-05-30
|y BK
|x Requisitioned by Iftekhar Mohammad Shafiqul Kalam, Faculty member of Mathematics and Natural Sciences (MNS).
|
| 952 |
|
|
|0 0
|1 1
|2 ddc
|4 0
|6 616_079000000000000_ABB
|7 0
|9 17635
|a BRACUL
|b BRACUL
|c GEN
|d 2011-07-26
|e Paragon Enterprises LTD
|g 650.00
|l 0
|o 616.079 ABB
|p 3010016987
|r 2011-07-26
|t 2
|w 2011-07-26
|y BK
|x Requisitioned by Iftekhar Mohammad Shafiqul Kalam, Faculty member of Mathematics and Natural Sciences (MNS).
|